Ekonomika kultúry

Uložené v:
Podrobná bibliografia
Hlavný autor: Novotný, Oskar
Ďalší autori: Fischer, J.
Médium: Kniha
Jazyk:Slovak
Vydavateľské údaje: Bratislava Obzor 1984
Edícia:Encyklopédia osvetového pracovníka 1
Tagy: Pridať tag
Žiadne tagy, Buďte prvý, kto otaguje tento záznam!

MARC

LEADER 00000nam a2200000 4500
001 c107206
005 20041019155139.1
041 0 |a slo 
044 |a SK 
245 1 0 |a Ekonomika kultúry  |c Oskar Novotný, J. Fischer 
264 1 |a Bratislava  |b Obzor  |c 1984 
300 |a 369 s. 
490 1 |a Encyklopédia osvetového pracovníka  |v 1 
830 0 |a Encyklopédia osvetového pracovníka  |v 1 
100 1 |a Novotný, Oskar 
700 1 |a Fischer, J.